00953nam a22002777a 450000500170000001000280001702000260004503500130007103500170008403500130010103700170011403700130013108200120014410000170015624501050017326000410027827000720031930000290039150000890042050000680050965000160057765000170059365000240061065000250063470000160065920170614122722.0 aBAC-EN21 ENG-111783 a9788184954555c299.00 aEN-95315 aB-582533-556 aB-664721 bBSB/Venadpl bDBAD/PUB a658.409 aCioffi, John aThe winning manager :cby John Cioffi [and] Ken Willigb6 practices every manager needs to succeed / aMumbaibJaico Publishing Housec2014 aA-2 Jash Chambers,7-A Sir Firozshah Mehta Road,FortbMumbaie400001 a256p. :c23cm(pbk)bill. a "Previously published as 6 habits of highly successful managers"--Title page verso. a Includes bibliographical references (pages 247-250) and index. aManagement. a Leadership. a Customer services. aSuccess in business. aWillig, Ken